| 000 | 00571nam a2200193 a 4500 | ||
|---|---|---|---|
| 005 | 20140310183534.0 | ||
| 008 | 111001s19uu xx 00 eng d | ||
| 020 | _a9780763778514 | ||
| 050 |
_aRC 621 _b.M67 2011 |
||
| 100 | _aMorris, Jacqueline | ||
| 245 |
_aDietitian's guide to assessment and documentation / _cJacqueline C. Morris. |
||
| 260 |
_aBoston : _bJones and Bartlett, _c2011. |
||
| 300 |
_a202 p. : _bill. ; _c23 cm. |
||
| 521 | _aNUR | ||
| 650 |
_aNutrition _xEvaluation |
||
| 650 | _aMedical history taking | ||
| 942 |
_cBK _2lcc _kFOR |
||
| 999 |
_c24677 _d24677 |
||